<?xml version="1.0" encoding="UTF-8"?>
<collection xmlns="http://www.loc.gov/MARC21/slim">
 <record>
  <leader>01094nab a2200217 i 4500</leader>
  <controlfield tag="001">misc74193</controlfield>
  <controlfield tag="005">20241018153400.0</controlfield>
  <controlfield tag="008">231017s2007    hu      o     000   hun d</controlfield>
  <datafield tag="022" ind1=" " ind2=" ">
   <subfield code="a">0239-1384</subfield>
  </datafield>
  <datafield tag="040" ind1=" " ind2=" ">
   <subfield code="a">SZTE Miscellanea Repozitórium</subfield>
   <subfield code="b">hun</subfield>
  </datafield>
  <datafield tag="041" ind1=" " ind2=" ">
   <subfield code="a">hun</subfield>
  </datafield>
  <datafield tag="100" ind1="1" ind2=" ">
   <subfield code="a">Kiss Róbert Károly</subfield>
  </datafield>
  <datafield tag="245" ind1="1" ind2="0">
   <subfield code="a">Humanista tudós a diplomácia porondján, Szent-Györgyi Albert díszdoktorrá avatása a magyar-francia kapcsolatok tükrében</subfield>
   <subfield code="h">[elektronikus dokumentum] /</subfield>
   <subfield code="c"> Kiss Róbert Károly</subfield>
  </datafield>
  <datafield tag="260" ind1=" " ind2=" ">
   <subfield code="a">Délmagyarország Könyv- és Lapkiadó Kft.</subfield>
   <subfield code="c">2007-11</subfield>
  </datafield>
  <datafield tag="300" ind1=" " ind2=" ">
   <subfield code="a">18-20</subfield>
  </datafield>
  <datafield tag="490" ind1="0" ind2=" ">
   <subfield code="a">Szeged : a város folyóirata</subfield>
   <subfield code="v">19 No. 11</subfield>
  </datafield>
  <datafield tag="520" ind1="3" ind2=" ">
   <subfield code="a">Molnos Lipót, Márai Sándor, Balogh József, Pongrácz László</subfield>
  </datafield>
  <datafield tag="561" ind1=" " ind2=" ">
   <subfield code="a">Szent-Györgyi Albertről szóló irodalom</subfield>
  </datafield>
  <datafield tag="695" ind1=" " ind2=" ">
   <subfield code="a">magyar-francia kapcsolatok, Molnos Lipót, Balogh József irodalomtörténész, Márai Sándor, Országos Széchenyi Könyvtár, Trianon, Sorbonne díszdoktorság, Tiffeneau, Pongrácz László</subfield>
  </datafield>
  <datafield tag="700" ind1="0" ind2="1">
   <subfield code="a">Pataki Flóra</subfield>
  </datafield>
  <datafield tag="856" ind1="4" ind2="0">
   <subfield code="u">http://misc.bibl.u-szeged.hu/74193/1/szgya_2007_007_018-020.pdf</subfield>
   <subfield code="z">Dokumentum-elérés </subfield>
  </datafield>
 </record>
</collection>
